00402nam a22001217a 4500022001300000041001200013082001600025100003900041245013600080260003300216300000800249650002300257 a03087395 aEnglish a016.297 ROP aRoper, G.J. and Bleaney, C.H. (ed) aIndex Islamicus: A bibliography of books, articles and reviews on Islam and the Muslim World which were published in the year 1999  aUnited KingdombBowkerc2001 a863 aBibliography-Islam